000 00365nam a2200181Ia 4500
100 _aSukhatme/S.P/ Nayak/ J.K
650 _aSolar energy
250 _a4
942 _cBK
366 _f20
654 _asolar energy
245 _aSolar Energy
260 _bMcGraw Hill
_c2018
082 _a621.471
_bSUK
300 _a525
546 _aENGLISH
999 _c18698
_d18698